Alle Millionenstädte - Statistiken

Allgemein
  • Dieses Quiz wurde 310 mal gespielt
    73 seit der letzten Aktualisierung
  • Das Durchschnittsergebnis liegt bei 124 aus 616
Antwortstatistiken
Land Stadt % Korrekt
Deutschland Berlin
85%
Argentinien Buenos Aires
82%
Deutschland Hamburg
82%
Deutschland Köln
82%
Belarus Minsk
82%
Deutschland München
82%
Frankreich Paris
82%
Algerien Algier
79%
Ägypten Kairo
79%
Italien Mailand
79%
Australien Sydney
79%
Brasilien Brasilia
76%
Brasilien Rio de Janeiro
76%
Italien Rom
76%
Rumänien Bukarest
73%
Türkei Istanbul
73%
Afghanistan Kabul
73%
China Peking
73%
Albanien Tirana
73%
Japan Tokio
73%
Polen Warschau
73%
Türkei Ankara
70%
Spanien Barcelona
70%
Ungarn Budapest
70%
USA Los Angeles
70%
Spanien Madrid
70%
Australien Melbourne
70%
Mexiko Mexiko Stadt
70%
Russland Moskau
70%
USA New York
70%
Tschechien Prag
70%
Südkorea Seoul
70%
Iran Teheran
70%
Georgien Tiflis
70%
Kanada Toronto
70%
Ägypten Alexandria
67%
Israel Jerusalem
67%
Ukraine Kiew
67%
VK London
67%
Indien Mumbai
67%
Bulgarien Sofia
67%
Niederlande Amsterdam
64%
Kolumbien Bogota
64%
Indien Delhi
64%
Vietnam Hanoi
64%
Australien Perth
64%
China Shanghai
64%
Singapur Singapur
64%
Taiwan Taipeh
64%
Thailand Bangkok
61%
Libanon Beirut
61%
Venezuela Caracas
61%
USA Dallas
61%
VAE Dubai
61%
Indonesien Jakarta
61%
Südafrika Kapstadt
61%
Saudi Arabien Riad
61%
Chile Santiago
61%
Brasilien Sao Paulo
61%
Schweden Stockholm
61%
Österreich Wien
61%
VAE Abu Dhabi
58%
Äthiopien Addis Abeba
58%
Kasachstan Astana
58%
Serbien Belgrad
58%
VK Birmingham
58%
Australien Brisbane
58%
Syrien Damaskus
58%
Bangladesch Dhaka
58%
Guatemala Guatemala Stadt
58%
China Hongkong
58%
Malaysia Kuala Lumpur
58%
Japan Osaka
58%
Russland St Petersburg
58%
Ghana Accra
55%
Neuseeland Auckland
55%
Irak Bagdad
55%
Armenien Baku
55%
USA Houston
55%
Peru Lima
55%
China Luan
55%
Angola Luanda
55%
Kanada Ottawa
55%
Nordkorea Pjöngjang
55%
Nigeria Abuja
52%
USA Chicago
52%
Senegal Dakar
52%
Vietnam Ho Chi Minh Stadt
52%
Südafrika Johannesburg
52%
Japan Kyoto
52%
Ecuador Quito
52%
Mongolei Ulaanbaatar
52%
Australien Adelaide
48%
Jordanien Amman
48%
Brasilien Belo Horizonte
48%
Republik Kongo Brazzaville
48%
Marokko Casablanca
48%
China Guangzhou
48%
Pakistan Islamabad
48%
Aserbaidschan Jerewan
48%
DR Kongo Kinshasa
48%
Philippinen Manila
48%
Somalia Mogadischu
48%
Uruguay Montevideo
48%
Kanada Montreal
48%
Kambodscha Phnom Penh
48%
Haiti Port au Prince
48%
Südafrika Pretoria
48%
Jemen Sanaa
48%
China Shenzhen
48%
Madagaskar Antananarivo
45%
Simbabwe Harare
45%
Japan Hiroshima
45%
Nigeria Lagos
45%
Saudi Arabien Mekka
45%
Kenia Nairobi
45%
USA Philadelphia
45%
Dominikanische Republik Santo Domingo
45%
Japan Sapporo
45%
Honduras Tegucigalpa
45%
Libyen Tripolis
45%
Kasachstan Almaty
42%
Eritrea Asmara
42%
USA Austin
42%
Argentinien Cordoba
42%
Türkei Izmir
42%
Nepal Kathmandu
42%
Nicaragua Managua
42%
Burkina Faso Ouagadougou
42%
Usbekistan Taschkent
42%
Russland Wolgograd
42%
Türkei Antalya
39%
Kirgisistan Bischkek
39%
Tadschikistan Duschanbe
39%
Kanada Edmonton
39%
Uganda Kampala
39%
Sudan Khartum
39%
Togo Lome
39%
Mosambik Maputo
39%
Kolumbien Medellin
39%
Japan Nagoya
39%
Tschad Ndjamena
39%
Ukraine Odessa
39%
USA San Diego
39%
Japan Yokohama
39%
Mali Bamako
36%
Brasilien Belem
36%
Ukraine Charkiw
36%
Guinea Conakry
36%
Südafrika Durban
36%
Mexiko Guadalajara
36%
Kuba Havana
36%
Ruanda Kigali
36%
Malawi Lilongwe
36%
Saudi Arabien Medina
36%
Liberia Monrovia
36%
Niger Niamey
36%
China Wuhan
36%
Kamerun Yaounde
36%
Elfenbeinküste Abidjan
33%
Syrien Aleppo
33%
Kanada Calgary
33%
Indien Chennai
33%
China Chongqing
33%
Tansania Daressalam
33%
Indien | Pakistan Hyderabad
33%
Sambia Lusaka
33%
Marokko Marrakesch
33%
Mauretanien Nouakchott
33%
China Xian
33%
Südkorea Busan
30%
Pakistan Lahore
30%
Brasilien Manaus
30%
Mexiko Monterrey
30%
Russland Nischni Nowgorod
30%
Russland Nowosibirsk
30%
USA Phoenix
30%
Brasilien Porto Alegre
30%
Brasilien Salvador
30%
USA San Antonio
30%
USA San Jose
30%
Kolumbien Cali
27%
China Chengdu
27%
Brasilien Fortaleza
27%
Russland Jekaterinburg
27%
Pakistan Karatschi
27%
Russland Omsk
27%
Russland Samara
27%
Indien Ahmedabad
24%
Türkei Bursa
24%
Brasilien Curitiba
24%
Saudi Arabien Dschidda
24%
Marokko Fes
24%
Ecuador Guayaquil
24%
Iran Isfahan
24%
Russland Kasan
24%
Ghana Kumasi
24%
Brasilien Recife
24%
Indonesien Surabaya
24%
Russland Ufa
24%
China Ürümqi
24%
China Xiamen
24%
Türkei Adana
21%
Turkmenistan Aschgabat
21%
Indonesien Bandung
21%
Indien Bengaluru
21%
Ukraine Dnipro
21%
Irak Erbil
21%
Japan Fukuoka
21%
Japan Kobe
21%
Indien Kolkata
21%
Türkei Konya
21%
Kenia Mombasa
21%
Russland Perm
21%
China Qingdao
21%
Japan Sendai
21%
Mexiko Tijuana
21%
Venezuela Valencia
21%
Russland Woronesch
21%
Irak Basra
18%
Bangladesch Chittagong
18%
Südkorea Daegu
18%
China Dalian
18%
Kamerun Douala
18%
Ägypten Gizeh
18%
Nigeria Ibadan
18%
Südkorea Incheon
18%
USA Jacksonville
18%
Indien Jaipur
18%
Irak Mossul
18%
China Nanjing
18%
Russland Rostow am Don
18%
Marokko Tanger
18%
China Tianjin
18%
Indien Agra
15%
Nigeria Kano
15%
Russland Krasnodar
15%
Indien Pune
15%
Brasilien Sao Luis
15%
Russland Tscheljabinsk
15%
Südkorea Ulsan
15%
Myanmar Yangon
15%
Kolumbien Barranquilla
12%
Indien Bhopal
12%
Kolumbien Cartagena
12%
China Changsha
12%
Mexiko Ciudad Juarez
12%
USA Fort Worth
12%
Türkei Gaziantep
12%
Iran Ghom
12%
China Harbin
12%
Malaysia Johor Bahru
12%
Taiwan Kaohsiung
12%
Japan Kawasaki
12%
China Kunming
12%
Venezuela Maracaibo
12%
Türkei Mersin
12%
Bolivien Santa Cruz de la Sierra
12%
Indien Surat
12%
Taiwan Taichung
12%
Taiwan Tainan
12%
Peru Trujillo
12%
China Changchun
9%
USA Columbus
9%
Saudi Arabien Dammam
9%
Vietnam Da Nang
9%
Türkei Diyarbakir
9%
Brasilien Goiania
9%
Vietnam Hai Phong
9%
China Hangzhou
9%
China Hefei
9%
China Jinan
9%
Indien Kota
9%
Russland Krasnojarsk
9%
DR Kongo Lubumbashi
9%
Indien Lucknow
9%
Iran Maschhad
9%
Indonesien Medan
9%
Mexiko Merida
9%
Indien Nagpur
9%
Republik Kongo Pointe Noire
9%
Türkei Sanliurfa
9%
China Shantou
9%
China Shenyang
9%
Südkorea Suwon
9%
Iran Tabris
9%
Indien Varanasi
9%
China Wuxi
9%
China Xining
9%
China Yinchuan
9%
Südkorea Yongin
9%
China Anqing
6%
China Anshan
6%
China Anyang
6%
Peru Arequipa
6%
China Baoding
6%
China Baoji
6%
China Baotou
6%
Venezuela Barquisimeto
6%
China Bengbu
6%
Nigeria Benin City
6%
China Benxi
6%
China Bijie
6%
China Bozhou
6%
Brasilien Campinas
6%
China Cangzhou
6%
Philippinen Cebu City
6%
China Changde
6%
China Changshu
6%
China Changzhi
6%
China Changzhou
6%
China Chaozhou
6%
China Chenzhou
6%
China Chifeng
6%
Mexiko Chihuahua
6%
China Cixi
6%
Südkorea Daejeon
6%
China Daqing
6%
China Datong
6%
China Dazhou
6%
Türkei Denizli
6%
China Dezhou
6%
China Dongguan
6%
China Dongying
6%
Südafrika Ekurhuleni
6%
Pakistan Faisalabad
6%
China Fuzhou
6%
Südkorea Goyang
6%
Brasilien Guarulhos
6%
Pakistan Gujranwala
6%
Südkorea Gwangju
6%
Somalia Hargeysa
6%
China Kaifeng
6%
Indien Kanpur
6%
Türkei Kayseri
6%
Iran Kermanschah
6%
DR Kongo Kisangani
6%
China Lanzhou
6%
China Luoyang
6%
Brasilien Maceio
6%
Indien Madurai
6%
Nigeria Maiduguri
6%
Indonesien Makassar
6%
Myanmar Mandalay
6%
Pakistan Multan
6%
Mosambik Nampula
6%
China Nanchang
6%
China Nanning
6%
Nigeria Onitsha
6%
Pakistan Peschawar
6%
Nigeria Port Harcourt
6%
Indien Raipur
6%
Japan Saitama
6%
VAE Schardscha
6%
Iran Schiras
6%
Kasachstan Schymkent
6%
Indonesien Semarang
6%
Taiwan Taoyuan
6%
Nigeria Warri
6%
China Zhangzhou
6%
Nigeria Aba
3%
Iran Ahvaz
3%
Sudan Al Chartum Bahri
3%
Indien Amritsar
3%
Philippinen Antipolo City
3%
Indien Asansol
3%
Indien Aurangabad
3%
Indonesien Bandar Lampung
3%
Indonesien Batam
3%
Indonesien Bekasi
3%
Indien Bhubaneswar
3%
Vietnam Bien Hoa
3%
China Binzhou
3%
Indonesien Bogor
3%
DR Kongo Bukavu
3%
Philippinen Caloocan City
3%
Vietnam Can Tho
3%
Indien Chandigarh
3%
Südkorea Changwon
3%
China Chaoyang
3%
China Chengde
3%
China Chuxiong
3%
China Chuzhou
3%
Indien Coimbatore
3%
Philippinen Davao City
3%
Indonesien Depok
3%
Indien Dhanbad
3%
Mexiko Ecatepec de Morelos
3%
China Ezhou
3%
Indien Faridabad
3%
China Foshan
3%
China Fushun
3%
China Fuxin
3%
China Fuyang
3%
China Ganzhou
3%
Bangladesch Gazipur
3%
Indien Ghaziabad
3%
China Guigang
3%
China Guilin
3%
China Guiyang
3%
Indien Gwalior
3%
China Haikou
3%
China Hami
3%
China Handan
3%
Indien Haora
3%
China Hebi
3%
China Hengyang
3%
China Heze
3%
China Hohhot
3%
China Huaian
3%
China Huaibei
3%
China Huainan
3%
China Huangshi
3%
China Huizhou
3%
China Huzhou
3%
Nigeria Ilorin
3%
Indien Indore
3%
Indien Jabalpur
3%
China Jiangmen
3%
China Jiangyin
3%
China Jiaozuo
3%
China Jiaxing
3%
China Jieyang
3%
China Jilin
3%
China Jingzhou
3%
China Jinhua
3%
China Jining
3%
China Jinjiang
3%
China Jinzhou
3%
China Jiujiang
3%
Indien Jodhpur
3%
Nigeria Kaduna
3%
Indien Kalyan Dombivli
3%
DR Kongo Kananga
3%
Iran Karadsch
3%
Bangladesch Khulna
3%
Irak Kirkuk
3%
Malaysia Klang
3%
Türkei Kocaeli
3%
China Kunshan
3%
China Laiwu
3%
China Langfang
3%
Mexiko Leon
3%
China Leshan
3%
China Lianyungang
3%
China Liaocheng
3%
China Liaoyang
3%
China Linyi
3%
China Liuzhou
3%
Indien Ludhiana
3%
China Luzhou
3%
China Maanshan
3%
China Maoming
3%
Mosambik Matola
3%
DR Kongo Mbuji Mayi
3%
Indien Meerut
3%
China Meizhou
3%
China Mianyang
3%
China Mudanjiang
3%
Tansania Mwanza
3%
China Nanchong
3%
China Nantong
3%
China Nanyang
3%
Indien Nashik
3%
Indien Navi Mumbai
3%
China Neijiang
3%
Südafrika Nelson Mandela Bay
3%
Taiwan Neu Taipeh
3%
China Ningbo
3%
Nigeria Ogbomosho
3%
Sudan Omdurman
3%
Indonesien Padang
3%
Indonesien Palembang
3%
China Panjin
3%
China Panzhihua
3%
Indien Patna
3%
Indonesien Pekanbaru
3%
Indien Pimpri Chinchwad
3%
China Pingdingshan
3%
China Pingxiang
3%
Mexiko Puebla
3%
China Puning
3%
China Putian
3%
China Puyang
3%
China Qingyuan
3%
China Qinhuangdao
3%
China Qiqihar
3%
China Quanzhou
3%
Pakistan Quetta
3%
Philippinen Quezon City
3%
Indien Rajkot
3%
Indien Ranchi
3%
Pakistan Rawalpindi
3%
China Rizhao
3%
China Ruian
3%
Marokko Sale
3%
Brasilien Sao Goncalo
3%
Ägypten Schubra al Chaima
3%
Südkorea Seongnam
3%
China Shangqiu
3%
China Shangrao
3%
China Shaoxing
3%
China Shijiazhuang
3%
China Shiyan
3%
Indien Srinagar
3%
Malaysia Subang Jaya
3%
China Suining
3%
Irak Sulaimaniya
3%
China Suqian
3%
China Suzhou
3%
Philippinen Taguig City
3%
China Taian
3%
China Taiyuan
3%
China Taizhou
3%
Indonesien Tangerang
3%
China Tangshan
3%
China Tengzhou
3%
Indien Thane
3%
Senegal Touba
3%
DR Kongo Tshikapa
3%
Indien Vadodara
3%
Indien Vasai Virar
3%
Indien Vijayawada
3%
Indien´ Visakhapatnam
3%
China Wanzhou
3%
China Weifang
3%
China Weihai
3%
China Wenzhou
3%
China Wuhu
3%
China Xianyang
3%
China Xingtai
3%
China Xinxiang
3%
China Xinyang
3%
China Xuchang
3%
China Xuzhou
3%
China Yancheng
3%
China Yangjiang
3%
China Yangzhou
3%
China Yantai
3%
China Yibin
3%
China Yichang
3%
China Yichun
3%
China Yiwu
3%
China Yueyang
3%
China Yulin
3%
China Yuyao
3%
Philippinen Zamboanga City
3%
China Zaozhuang
3%
Mexiko Zapopan
3%
China Zhangjiagang
3%
China Zhangjiakou
3%
China Zhanjiang
3%
China Zhaoqing
3%
China Zhengzhou
3%
China Zhenjiang
3%
China Zhongshan
3%
China Zhumadian
3%
China Zhuzhou
3%
China Zibo
3%
China Zunyi
3%
Indien Allahabad
0%
China Deyang
0%
China Dingxi
0%
China Enshi
0%
China Guangan
0%
China Guiping
0%
China Guzhen
0%
China Hailin
0%
China Hanzhong
0%
China Hechi
0%
China Hegang
0%
China Honghe
0%
China Huaihua
0%
China Huaiyin
0%
China Huanggang
0%
China Jingdezhen
0%
China Jingmen
0%
China Karamay
0%
China Kashi
0%
China Kezhou
0%
China Lijiang
0%
China Linxia
0%
Mexiko Nezahualcoyotl
0%
China Ningde
0%
China Quzhou
0%
China Rongcheng
0%
China Ronggui
0%
China Sanmenxia
0%
China Sanming
0%
China Shuangyashan
0%
China Shuangzhou
0%
Indonesien Tangerang Seletan
0%
Vietnam Thu Duc
0%
China Tieling
0%
Indien Tiruchirappalli
0%
China Tongchuan
0%
China Tongling
0%
China Tongzhou
0%
China Wafangdian
0%
China Weinan
0%
China Wenshan
0%
China Wulanchabu
0%
China Wuzhou
0%
China Xiangyang
0%
China Xianning
0%
China Yangquan
0%
China Yingkou
0%
China Yunfu
0%
China Yuxi
0%
China Zhangye
0%
China Zhoukou
0%
China Zhoushan
0%
China Zuhai
0%
Keine übereinstimmenden Quizze gefunden
Verteilung der Resultate
Anzahl Personen mit jedem Resultat
Perzentil nach korrekt beantworteten Fragen
Ihre Resultats-Entwicklung
Sie haben dieses Quiz seit der letzten Aktualisierung nicht gespielt